|
|
|
|
| LEADER |
00000cam a2200000 7i4500 |
| 001 |
0000001230 |
| 005 |
20030815.0 |
| 020 |
0 |
0 |
|a 9836265848
|
| 090 |
0 |
0 |
|a 346.59504691
|b ABD 2000
|
| 100 |
0 |
0 |
|a ABDUL Aziz Hussin
|
| 245 |
1 |
0 |
|a Undang-undang berkaitan dengan air (iktisar dan komentar)
|c Abdul Aziz Hussin
|
| 260 |
0 |
0 |
|a Kuala Lumpur :
|b Dewan Bahasa dan Pustaka ,
|c 2000
|
| 300 |
|
|
|a xxi, 68 p. ;
|c 23 cm.
|
| 500 |
0 |
0 |
|a Includes bibliography : p. 65-66 and index
|
| 650 |
0 |
0 |
|a Water
|x Law and legislation
|z Malaysia
|
| 998 |
|
|
|a JPSM
|
| 999 |
|
|
|a 0000005005
|b Monograph
|c Open Shelf
|e Default branch
|